Quizzes
Events
Quiz Creation
Community
Videos
Private Events
Remove Ads
Sign In
Join for FREE
Feedback
Dark Mode
Quiz Categories
Sports
Geography
Music
Movies
Television
Just For Fun
Miscellaneous
History
Literature
Language
Science
Gaming
Entertainment
Religion
Holiday
For Kids
Quiz Lab
Recent
Popular Today
Quiz Kudos Today
Editor Picks
Curator Picks
Quizzes by...
Day
Popularity
Type
Ratings
Length
Year
Community
Subscriptions
Recent Discussions
Orange Saloon
Badges
Playlists
Quests
Create
Leaderboards
Showdown
Live 5
Trivia Bingo
Activity
Puzzle Library
Sporcle Events
Private Events
Virtual Trivia
Globe League
Become a Host
Pub Owners
SporcleCon
Opinionation
Our Games
Videos
Blog
Mobile Apps
Partnerships
Remove Ads and Go Orange
Feedback
Gaming
Video Games
Board Games
Card Games
Pokémon
Mario
Nintendo
Minecraft
Console
Toys
Legend of Zelda
Gaming
Video Games
Board Games
Card Games
Pokémon
Mario
Nintendo
Minecraft
Console
Toys
Legend of Zelda
Random Quiz
Search Sporcle
×
Quiz Lab
Quiz Lab
Gaming
Football
Type in answers that appear in a list
Type in answers that appear in a list
Classic
Best Score? Go Orange.
Football Manager Winners 2011-2021 Stats
Can you name the teams that win trophies on Football Manager?
By
lloydybhoy
20m
100 Questions
165 Plays
165 Plays
165 Plays
Comments
Comments
Give Quiz Kudos
Give Quiz Kudos
-
- Ratings
hide this ad
More Info
Replay
Link that replays current quiz
Next Quiz
Link to next quiz in quiz playlist
You Got
0%
They Got
Avg Score
57%
Avg Friend Score
Upgrade to see
Score Distribution
Jump to the score distribution portion of the page
Score
0/100
Timer
20:00
0
Plays Today
Season
Team
% Correct
2011-
12
Celtic
97.6%
2012-
13
Celtic
97.6%
2013-
14
Celtic
97.6%
2014-
15
Celtic
97.6%
2015-
16
Celtic
97.6%
2016-
17
Celtic
97.6%
2017-
18
Celtic
97.6%
2018-
19
Rangers
97.6%
2019-
20
Celtic
97.6%
2020-
21
Celtic
97.6%
2017-
18
Celtic
97%
2019-
20
Celtic
97%
2020-
21
Celtic
97%
2019-
20
Celtic
97%
2012-
13
Rangers
97%
2011-
12
Rangers
97%
2012-
13
Rangers
97%
2013-
14
Celtic
97%
2015-
16
Rangers
97%
2018-
19
Rangers
97%
2011-
12
Real Madrid
89.7%
2016-
17
Real Madrid
89.7%
2013-
14
Real Madrid
89.7%
2012-
13
Real Madrid
89.7%
2017-
18
Real Madrid
89.7%
2013-
14
Manchester United
85.5%
2015-
16
Manchester United
85.5%
2016-
17
Manchester United
85.5%
2014-
15
Manchester United
85.5%
2016-
17
Manchester United
85.5%
2017-
18
Chelsea
81.2%
2018-
19
Chelsea
81.2%
2011-
12
Aberdeen
79.4%
2014-
15
Heart of Midlothian
79.4%
Season
Team
% Correct
2017-
18
Aberdeen
79.4%
2014-
15
Manchester City
76.4%
2018-
19
Manchester City
76.4%
2019-
20
Manchester City
76.4%
2015-
16
Manchester City
76.4%
2019-
20
Manchester City
76.4%
2020-
21
Manchester City
76.4%
2017-
18
Dundee
72.1%
2011-
12
Dundee
72.1%
2012-
13
Dundee
72.1%
2013-
14
Dundee
72.1%
2015-
16
Hibernian
69.7%
2016-
17
Hibernian
69.7%
2020-
21
AC Milan
64.2%
2020-
21
Internazionale
63%
2018-
19
Dundee United
60%
2014-
15
Dundee United
60%
2013-
14
Motherwell
50.9%
2020-
21
Motherwell
50.9%
2019-
20
Inverness Caledonian Thistle
48.5%
2019-
20
Kilmarnock
47.3%
2012-
13
AS Roma
44.2%
2013-
14
AS Roma
44.2%
2016-
17
St. Johnstone
43.6%
2014-
15
Falkirk
37%
2011-
12
Falkirk
37%
2014-
15
Falkirk
37%
2017-
18
Falkirk
37%
2019-
20
Falkirk
37%
2020-
21
St. Mirren
36.4%
2016-
17
St. Mirren
36.4%
2016-
17
Hamilton Academicals
33.9%
2019-
20
Hamilton
33.9%
2012-
13
Hamilton Academicals
33.9%
Season
Team
% Correct
2018-
19
Ross County
32.7%
2016-
17
Livingston
32.1%
2020-
21
Livingston
32.1%
2013-
14
Queen's Park
30.3%
2011-
12
Queen's Park
30.3%
2011-
12
FC Porto
29.7%
2015-
16
Dunfermline Athletic
29.7%
2015-
16
Dunfermline Athletic
29.7%
2015-
16
SL Benfica
29.1%
2018-
19
Queen of the South
28.5%
2018-
19
Raith Rovers
27.3%
2013-
14
East Fife
26.1%
2014-
15
Elgin City
24.2%
2011-
12
Forfar Athletic
23.6%
2020-
21
Greenock Morton
23%
2017-
18
Brechin
21.8%
2014-
15
Brechin
21.8%
2015-
16
Peterhead
21.8%
2017-
18
Brechin
21.8%
2012-
13
Peterhead
21.8%
2015-
16
East Stirlingshire
21.8%
2017-
18
East Stirlingshire
21.8%
2020-
21
East Stirlingshire
21.8%
2012-
13
Schalke 04
20.6%
2016-
17
Albion Rovers
20%
2019-
20
Albion Rovers
20%
2018-
19
Morton
18.8%
2012-
13
Cowdenbeath
18.8%
2013-
14
Stranraer
17.6%
2018-
19
Fiorentina
12.1%
2011-
12
Spartak Moscow
5.5%
2014-
15
BSC Young Boys
1.2%
Quiz Playlist
Details
Report
Send in Message
Add To Playlist
More Info:
These are all the trophy winners on Football Manager Handheld 2012, just to note this includes only Scottish and European competitions.
Classic:
Type in answers that appear in a list
Last Updated: Apr 15, 2017
Quiz Scoreboard
CHALLENGE
Sign Up to Join the Scoreboard
Show All
Scores
Hide
Comments
May contain spoilers
Recently Published
Billboard Blitz: Fleetwood Mac
by CooCooCachoo
Music
15s
Presidents Visiting Landmarks
by Hejman
History
7m
An Introduction to Baseball
by treessimontrees
Sports
5m
More to Explore
Quiz From the Vault
Featured Blog Post
Where Did the Easter Bunny Come From?
hide this ad
You Might Also Like...
Tags
Football Quiz
Football Award
Football Champions
Football Clubs
Scottish League
UEFA Champions' League
UEFA Europa League
Today's Top Quizzes in Gaming
Browse Gaming
hide this ad
Today's Top Quizzes in Football
Browse Football
Top Contributed Quizzes in Gaming
1
5-to-1: Consoles
2
7-to-1: Board Game Piece Blitz
3
5-to-1: Legend of Zelda
4
Destiny 2 exotic weapons by perk icons
5
League of Legends Pro Players by Career/Team History
6
Ultimate Genshin Impact Logic Puzzle (up to 4.3)
7
Franchise by Action Figure
8
Genshin Impact Logic Puzzle Quiz
9
Who's on the WWE 2K24 Cover?
10
Overwatch Logic Puzzle
Explore More
Trending Topics
Anime
NBA
Kpop
Harry Potter
Marvel
Disney
Crossword
The Office
Pokémon
Puzzle
NFL
WWE
Country
Soccer
Song
hide this ad
More By:
lloydybhoy
Quiz
Plays
Rating
Category
Featured
Created
Top 50 European football teams
593
2.00
Sports
Sep 13, 2011
Scottish Premier League Minefield
489
5.00
Sports
Dec 4, 2013
All-time SPL Teams
282
Sports
Nov 29, 2010
list of Scottish top-flight champions since 1980-81
245
5.00
Sports
Sep 14, 2011
Football Manager Winners 2011-2021
165
2.83
Gaming
Dec 21, 2012
Go to Creator's Profile
Score Distribution
Quiz Creator Spotlight
lloydybhoy
Follow
Send a Message
Quizzes Created
-
Created Quiz Play Count
-
More By This Creator
Popular Quizzes Today
1
Find the US States - No Outlines Minefield
2
Find the Countries of Europe - No Outlines Minefield
3
The Countries of the World
4
Find the US States
5
US States
6
Risky Map Clicking: Biggest States A-Z
7
Popular People in 1961
8
Movies - When Are They Set?
More Gaming Quizzes
Metacritic's Top 50 N64 Games
Published
Trending Quizzes
Risky Map Clicking: Least Populous States A-Z
1-10 Letter G Words
1-10 Letter F Words
Risky Map Clicking: Next State Alphabetically
Risky Map Clicking: Biggest States A-Z
Recently Updated
Leaping Animals
pecheneg
Reality TV Shows (A-Z)
bhenderson79
Rickey Henderson's Hall of Fame Teammates
pecheneg
Champions League XIs: Arsenal
pecheneg
Quick Pick: Celebrities in WWE's Hall of Fame
aduchscher
A-Z Keypad Blitz II
pecheneg
Multiple Oscar Actors
pecheneg
Mystery Phrase Blitz: Oscar 'Best Actors'
pecheneg
F. Scott Fitzgerald Novels
LTH
Pick 3 Villains
ddd62291
Trending Topics
Marvel
Harry Potter
NBA
Kpop
Anime
Disney
Crossword
The Office
Song
Pokémon
NFL
Country
WWE
Soccer
Puzzle
Your Account Isn't Verified!
In order to create a playlist on Sporcle, you need to verify the email address you used during registration. Go to your
Sporcle Settings
to finish the process.
Report this User
Report this user for behavior that violates our
Community Guidelines
.
Details:
Send Report
Go to the Sporcle.com Mobile Site →
Comments